| 000 | 00859nam a2200229 a 4500 | ||
|---|---|---|---|
| 005 | 20210223130536.0 | ||
| 008 | 080626s1987 mx r 000 0 spa d | ||
| 035 | _aUPN01000157734 | ||
| 049 | _aUNE | ||
| 080 | _a37.014. 22 (7/8)=40 1987MEE No.24. | ||
| 111 | 2 |
_aRegional Seminar on the Universalization of Primary Education and Literacy _d(1987 : _cSucre, Bolivia) |
|
| 245 | 1 | 2 |
_aL' Éducation de base et l'alphabétisation : _bun défi pour l'Amérique Latine et les Caraïbes. |
| 260 |
_aParís : _bUNESCO ; _aNEW York : _bUNICEF, _c1987. |
||
| 300 | _avi, 95 p. | ||
| 440 | 2 |
_aL'Enfant, la famille, la communaute ; _v24 |
|
| 690 | _aEducación básica de adultos - América Latina | ||
| 690 | _aAlfabetización - América Latina | ||
| 690 | _aAmérica Latina - Alfabetización | ||
| 710 | 2 | _aUNESCO | |
| 710 | 2 |
_aUNICEF _924085 |
|
| 905 | _aUNESCO | ||
| 999 |
_c129848 _d129848 |
||